000 00273nmm a2200097Ia 4500
008 220120s9999||||xx |||||||||||||||||und||
020 _a0-07-044540-0
100 _aBorgnakke, Clause
_911254
245 0 _aTables of thermodynamics and transport properties
260 _bNew Delhi
999 _c139688
_d139688